| 000 | 03634nam0a2200397 4500 | ||
|---|---|---|---|
| 001 | RU\NLR\BIBL_A\022116341 | ||
| 005 | 20240201130047.0 | ||
| 021 |
_aRU _bКН-П-23-081076 _9КН-П-23-8222 |
||
| 035 | _a(NLR Aleph) 022116341 | ||
| 035 | _a(RuMoRGB)012449826 | ||
| 090 |
_a12793311 _c12793311 |
||
| 100 | _a20240125d2023 k y0rusy50 ca | ||
| 101 | 0 | _arus | |
| 102 | _aRU | ||
| 105 | _aа|||z|||100yy | ||
| 181 | 0 |
_ai3 _baxxe |
|
| 182 | 0 | _an | |
| 200 | 1 |
_aСовременные проблемы энергоэффективности агроинженерных исследований в условиях цифровой трансформации _eматериалы Международной научно-практической конференции, 27 апреля 2023 года _fМинистерство сельского хозяйства Российской Федерации, Федеральное государственное бюджетное образовательное учреждение высшего образования "Российский государственный аграрный заочный университет" _gредакционная коллегия: Гаджиев П. И., д.т.н. [и др.] |
|
| 203 |
_aТекст _bвизуальный _cнепосредственный |
||
| 210 |
_aБалашиха _cИзд-во ФГБОУ ВО РГАЗУ _d2023 |
||
| 215 |
_a193 с. _cил., табл. _d20 |
||
| 320 | _aБиблиогр. в конце ст. | ||
| 330 | _aB сборник включены материалы международной научно-практической конференции преподавателей вузов, аспирантов и студентов, проходившей 27 апреля 2023 года на факультете электроэнергетики и технического сервиса Российского государственного аграрного заочного университета. Сборник предназначен для научных работников сельского хозяйства, конструкторов, преподавателей, аспирантов и студентов аграрных и машиностроительных ВУЗов | ||
| 606 | 1 |
_aМашинно-тракторные агрегаты _jСъезды, совещания и т.п _xЭксплуатационные показатели _91561433 _3RU\NLR\AUTH\66682989 |
|
| 606 | 1 |
_aСельское хозяйство _jСъезды, совещания и т.п _xЭнергоснабжение _91666099 _3RU\NLR\AUTH\661037339 |
|
| 675 |
_a631.3(082) _v4 |
||
| 686 | 1 | _aП072.1-042.2я431(0) | |
| 686 | 1 | _aП076я431(0) | |
| 702 | 1 |
_4340 _aГаджиев _bП. И.-оглы _gПарвиз Имран-оглы _9215681 _3RU\NLR\AUTH\770215737 |
|
| 711 | 1 | 2 |
_a"Современные проблемы энергоэффективности агроинженерных исследований в условиях цифровой трансформации", международная научно-практическая конференция _eБалашиха _f2023 _9875293 _3RU\NLR\AUTH\880603442 |
| 712 | 0 | 2 |
_4475 _aРоссийский государственный аграрный заочный университет _cБалашиха _9535950 _3RU\NLR\AUTH\8810019031 |
| 942 | _cBOOK | ||
| 980 | _aNB | ||